00717nam a2200229 a 450000100060000000300080000600500170001400800410003102000150007203500190008704000230010604100080012908200240013710000230016124500700018426000500025430000350030450400510033965000190039065000250040983000530043469838BD-RjUL20211209081930.0170413s2004 ii a b 001 0 eng d a8120325001 a(BD-RjUL)70050 aDLCcDLCdDLCbeng aeng00a660.6223bFIE 20041 aFitch, J. Patrick.13aAn engineering introduction to biotechnology /cJ. Patrick Fitch. aNew Delhi :bPrentice hall of india, cc2004. axiii, 127 p. :bill. ;c25 cm. aIncludes bibliographical references and index. 0aBiotechnology. 0aGenetic engineering. aTutorial texts in optical engineering ;vv. TT55